00611 a2200181 450000100060000002000180000604000220002410000200004624000310006624500260009730000060012336200090012965000350013894200070017395201160018095201160029699900170041259806 a9783791508139 cAnchieta - Pituba aHarris, Maria G10aDie unsichtbare stadtlpor10aDie unsichtbare stadt a 0 a2003 4aLiteratura juvenil em alemàƒo cBK 00104070a91.1b91.1d2023-11-21l0oLJ 028.543 H313u HAR UNSp11267/PITr2023-11-21 18:27:53w2023-11-21yBK 00104070a91.1b91.1d2023-11-21l0oLJ 028.543 H313u HAR UNSp11268/PITr2023-11-21 18:27:53w2023-11-21yBK c59806d59806